000 00898cam a22002897a 4500
003 CHAP
005 20220329140436.0
008 971013s1977 r 00010 d
010 _a52006
011 _a52978
035 _a57128
040 _cCHAP
082 _a332.71
_bF47e 1977
100 0 0 _aFernández y Fernández, Ramón.
_940322
245 1 4 _aUna estructura institucional ideal para el crédito agrícola
250 _a3 ed.
260 _aMéxico, D.F. :
_b(s.e.),
_c1977
300 _a236 p.
_b: gráfs.
590 _aBATCH-UPD
_b10
_c20130110
_lUCH01
_h1845
590 _aBATCH-UPD
_b10
_c20130410
_lUCH01
_h1215
590 _aBATCH-UPD
_b10
_c20130914
_lUCH01
_h1101
590 _aCONVERSION
_b10
_c20130109
_lUCH01
_h1328
650 1 4 _aCrédito agrícola
_zMéxico.
_929089
901 _aBK
942 _cLIBRO
949 _a332.71 F47e 1977
_bBC
_cLIBRO
_d-124434
_eLIBRO
_h41347
_i57128
_mD
_si
999 _c52006
_d52006